Najpotężniejsze armie świata - Statystyki

Ogólne statystyki
  • Ten quiz został rozwiązany 110 razy
  • Średni wynik to 17 z 20
Statystyki odpowiedzi
Pozycja w
rankingu GFI
Państwo Budżet obronny
w mld $
% Poprawnych
2 Rosja 82 600
100%
3 Chiny 230 000
99%
1 Stany Zjednoczone 761 681
99%
20 Polska 20 660
96%
4 Indie 54 200
93%
9 Francja 45 943
91%
5 Wielka Brytania 50 235
91%
8 Japonia 39 660
90%
6 Korea Południowa 42 100
89%
15 Ukraina 30 000
88%
12 Brazylia 18 785
82%
10 Włochy 37 000
81%
11 Turcja 25 200
80%
17 Iran 5 550
77%
16 Australia 52 162
76%
14 Egipt 4 357
74%
18 Izrael 24 300
74%
7 Pakistan 7 500
70%
13 Indonezja 8 800
62%
19 Wietnam 6 238
54%
Nie znaleziono quizów pasujących do podanych kryteriów
Rozkład punktacji
Procent ludzi z każdym wynikiem
Percentyl według liczby udzielonych odpowiedzi
Twoja historia wyników
Nie rozwiązałeś tego quizu